|
|
|
|
| LEADER |
01418nam a2200373 a 4500 |
| 001 |
36128 |
| 003 |
BD-DhAAL |
| 005 |
20211130141528.0 |
| 008 |
191013t1999 nyu b 001 0 eng c |
| 999 |
|
|
|c 41522
|d 41522
|
| 010 |
|
|
|a 98050993
|
| 020 |
|
|
|a 1572304537 (hardcover : alk. paper)
|
| 035 |
|
|
|a (NIC)notisARJ8881
|
| 035 |
|
|
|a (OCoLC)40403637
|
| 035 |
|
|
|a 3395645
|
| 040 |
|
|
|a DNLM/DLC
|c DLC
|d DLC
|d BD-DhAAL
|
| 050 |
0 |
0 |
|a BF713
|b .S525 1999
|
| 060 |
1 |
0 |
|a BF 713
|b S571d 1999
|
| 082 |
0 |
0 |
|a 153.6
|2 21
|
| 100 |
1 |
|
|a Siegel, Daniel J.,
|d 1957-
|9 35872
|
| 245 |
1 |
4 |
|a The developing mind :
|b toward a neurobiology of interpersonal experience /
|c Daniel J. Siegel.
|
| 260 |
|
|
|a New York :
|b Guilford Press,
|c c1999.
|
| 300 |
|
|
|a xv, 394 pages ;
|c 23 cm.
|
| 504 |
|
|
|a Includes bibliographical references (p. 357-386) and index.
|
| 526 |
|
|
|a BIED
|
| 541 |
|
|
|a Complimentary copy from BIED
|e 36128
|
| 650 |
|
0 |
|a Developmental psychology.
|9 35873
|
| 650 |
|
0 |
|a Interpersonal relations.
|9 35874
|
| 650 |
|
0 |
|a Intellect.
|9 35875
|
| 650 |
|
0 |
|a Brain
|x Physiological aspects.
|9 35876
|
| 650 |
|
0 |
|a Psychological Theory
|9 35877
|
| 852 |
|
|
|a Ayesha Abed Library
|c BIED Collection
|
| 942 |
|
|
|2 ddc
|c BK
|
| 952 |
|
|
|0 0
|1 0
|2 ddc
|4 0
|6 153_600000000000000_SIE
|7 0
|9 66682
|a BRACUL
|b BRACUL
|c GEN
|d 2019-10-13
|e Complimentary copy from BIED
|l 0
|o 153.6 SIE
|p 3010036128
|r 2019-10-13
|t 1
|w 2019-10-13
|y BK
|x Transferred from BIED to General Stacks
|